000
00264nam a2200109Ia 4500
005
20251222154407.0
008
251222s9999||||xx |||||||||||||| ||spa||
082
_a
869.914/A83
100
_a
"Asturias, Miguel Angel"
245
0
_a
Leyendas de Guatemala
942
_c
LIB
999
_c
35525
_d
35525